000 00329nam a2200121Ia 4500
008 190722s9999 xx 000 0 und d
020 _a978-81-265-5685-4
100 _aMicheal Dippery
245 0 _aProfessional IOS programming with Swift
260 _aNew Delhi
_bJohn Wiley & Sons.Inc. (India)
_c2015
300 _a276
942 _cBK
999 _c237
_d237